Communes Kinshasa - Statistiques

Statistiques générales
  • Ce quiz a été pris 2 fois
  • Le résultat moyen est 8 sur 24
Statistiques - réponses
Réponse % Correct
Masina
100%
Ndjili
100%
Bandalungwa
50%
Barumbu
50%
Gombe
50%
Kimbanseke
50%
Kinshasa
50%
Kisenso
50%
Lemba
50%
Limete
50%
Matete
50%
Mont-Ngafula
50%
Ngaliema
50%
Nsele
50%
Bumbu
0%
Kalamu
0%
Kasa-vubu
0%
Kintambo
0%
Lingwala
0%
Makala
0%
Maluku
0%
Ngaba
0%
Ngiri-Ngiri
0%
Selembao
0%
Aucun quiz correspondant
Distribution des résultats
% des personnes avec chaque résultat
Percentile par nombre de réponses
Votre historique - résultats
Vous n’avez pas pris ce quiz